Panama, dependencia y liberacion /

সংরক্ষণ করুন:
গ্রন্থ-পঞ্জীর বিবরন
প্রধান লেখক: Soler, Ricaurte (লেখক)
বিন্যাস: গ্রন্থ
ভাষা:স্প্যানিশ
প্রকাশিত: San Jose : Educa, 1974
মালা:Coleccion seis
ট্যাগগুলো: ট্যাগ যুক্ত করুন
কোনো ট্যাগ নেই, প্রথমজন হিসাবে ট্যাগ করুন!

MARC

LEADER 00000nam a22000007i 4500
001 IT\ICCU\UBO\3403313
003 ItRI
005 20260115232340.0
008 080402s1974 cr |||||| ||||| |||||c
040 |b ita  |c importazione bologna sebina 
041 7 |a spa  |2 ISO-639-2 
100 1 |a Soler, Ricaurte  |0 IT\ICCU\UFIV\002699  |4 aut 
245 1 0 |a Panama, dependencia y liberacion /  |c Seleccion de textos, prologo y notas deRicaurte Soler. 
260 |a San Jose :  |b Educa,  |c 1974 
300 |a 301 p. ;  |c 18 cm. 
830 0 |a Coleccion seis  |0 IT\ICCU\UFI\0084659 
942 |2 ddc  |c BK  |n 0 
952 |0 0  |1 0  |4 0  |6 DOC_972_870000000000000_SOL  |7 0  |9 24591  |a BO  |b BO  |d 2026-01-15  |i 6132  |l 0  |o DOC 972.87 SOL  |p BO6132  |r 2026-01-15 23:23:40  |w 2026-01-15  |x [Sebina 7] [1 v.]  |y BK  |z 1 v. 
999 |c 20924  |d 20924